000 00485nam a22001817a 4500
005 20230110113252.0
008 221216b |||||||| |||| 00| 0 eng d
020 _a978-935270-499-6
041 _aeng
082 _a615.1 TRI-E
100 _aTRIPATHI , K D
_96376
245 _aESSENTIALS OF MEDICAL PHARMACOLOGY
250 _a8th ed.
260 _aNEW DELHI
_bJAYPEE BROTHERS MEDICAL PUBLISHERS
_c2021
300 _a1122;P.
650 _aPHARMACY
_xD.PHARMA
_97090
942 _cBK
999 _c8070
_d8068